000 00760 a2200205 4500
001 58784
005 20260407155842.0
008 260407a1967 arg spa d
003 AR-UNSa-BCEJYS
040 _aAR-UNSa-BCEJYS
_bspa
_cAR-UNSa-BCEJYS
080 _a336.227.2
_xEvasión fiscal
245 1 0 _aLa evasión tributaria
264 1 _aBuenos Aires :
_bEdiciones Depalma
_c1967
300 _axxiv, 425 p.
_c23 cm.
505 _a1. Introducción - 2. Presupuestos de la imposición y caracteres de la evasión - 3. Causas, factores y efectos de la evasión - 4. La represión de la evasión en la legislación tributaria italiana y extranjera
041 _aspa
942 _cBK
590 _aniveau_biblio:m niveau_hierar:0
100 1 _aGiorgetti, Armando
999 _c6491
_d6491